000 00770nam a2200241Ia 4500
003 GCL
008 140319s9999 xx 000 0 ara d
020 _a2228215977
040 _aGCL /
_cGCL
082 0 4 _a214
_bع د
100 1 _aعبدالله شحاتة
245 1 0 _aالدين والحياة /
_cعبدالله شحاتة
250 _aاالاولى
260 _aالقاهرة :
_bدار غريب للطباعة والنشر والتوزيع ،
_c1997
300 _a218 ص ؛
_c24 سم
490 _a
650 0 4 _aالاسلام
650 0 4 _aالاسلام والمجتمع
650 0 4 _aالاسلام - دعوة
650 0 4 _aالاسلام والاصلاح الاجتماعى
650 0 4 _aالثقافة الاسلامية
942 _2ddc
_cBK
999 _c4944
_d4944